[Event "Sofia MGU op 81st"]
[Site "Sofia"]
[Date "2013.03.30"]
[Round "3"]
[White "Metev, Martin"]
[Black "Krustev, Goran"]
[Result "0-1"]
[WhiteElo "1995"]
[BlackElo "2005"]
[PlyCount "84"]
[EventDate "2013.03.30"]
[EventType "swiss"]
[EventRounds "6"]
[EventCountry "BUL"]
[SourceTitle "CBM 153 Extra"]
[Source "ChessBase"]
[SourceDate "2013.04.22"]
[SourceVersion "1"]
[SourceVersionDate "2013.04.22"]
[SourceQuality "1"]

1. e4 c5 2. Nf3 Nc6 3. d4 cxd4 4. Nxd4 g6 5. Nc3 Bg7 6. Be3 Qa5 7. Qd2 Nf6 8. f3 d6 9. Bc4 Bd7 10. 0-0 0-0 11. Nxc6 bxc6 12. Kh1 Rab8 13. Bb3 Rfc8 14. Bh6 Bxh6 15. Qxh6 Qh5 16. Qe3 c5 17. g4 Qh3 18. Rab1 c4 19. Ba4 Bxa4 20. Nxa4 Nxg4 21. Qg1 Ne5 22. Qe3 Rb7 23. Nc3 Ng4 24. Qg1 Nf6 25. Ne2 Qh6 26. Ng3 Rcb8 27. b3 Qf4 28. Rf2 Kf8 29. Qg2 Rc7 30. b4 Qe3 31. f4 Rxb4 32. Rd1 Rc8 33. Rf3 Qb6 34. Qh3 Rc5 35. Qh6+ Ke8 36. e5 Rb1 37. Rxb1 Qxb1+ 38. Rf1 Qb7+ 39. Kg1 dxe5 40. Qg7 exf4 41. Qh8+ Kd7 42. Rxf4 Rd5 0-1

[Event "Sofia MGU op 11th"]
[Site "Sofia"]
[Date "2010.07.18"]
[Round "4"]
[White "Dimitrov, Alexander"]
[Black "Krustev, Goran"]
[Result "1-0"]
[WhiteElo "2009"]
[BlackElo "2005"]
[PlyCount "95"]
[EventDate "2010.07.17"]
[EventType "swiss"]
[EventRounds "6"]
[EventCountry "BUL"]
[SourceTitle "CBM 137 Extra"]
[Source "ChessBase"]
[SourceDate "2010.09.01"]
[SourceVersion "1"]
[SourceVersionDate "2010.09.01"]
[SourceQuality "1"]

1. f4 b6 2. e4 Bb7 3. Nc3 e6 4. Nf3 Be7 5. d4 d6 6. Bd3 Nd7 7. Qe2 a6 8. Bd2 b5 9. a4 b4 10. Nd1 c5 11. c3 a5 12. 0-0 Qb6 13. Nf2 Ba6 14. f5 e5 15. dxe5 Nxe5 16. Nxe5 dxe5 17. Bxa6 Qxa6 18. c4 Rd8 19. b3 Nf6 20. Rad1 Qc6 21. Bg5 Rd4 22. Be3 Rxd1 23. Rxd1 0-0 24. Bg5 Rd8 25. Bxf6 Rxd1+ 26. Qxd1 Qxf6 27. Qd5 h5 28. g3 h4 29. Kg2 hxg3 30. hxg3 Qg5 31. Qxe5 Bf6 32. Qf4 Qh5 33. g4 Qh4 34. e5 Bg5 35. Qh2 Qxh2+ 36. Kxh2 Bf4+ 37. Kg2 Bxe5 38. Kf3 Kf8 39. Ke4 Bd4 40. Nd3 Ke7 41. Kd5 Kf6 42. Nxc5 Bg1 43. Ne4+ Ke7 44. Kc6 g6 45. Kb5 gxf5 46. gxf5 Kd7 47. Kxa5 Kc6 48. Kxb4 1-0

[Event "Sofia MGU op 10th"]
[Site "Sofia"]
[Date "2010.07.11"]
[Round "5"]
[White "Galunova, Tsveta"]
[Black "Krustev, Goran"]
[Result "1-0"]
[WhiteElo "1984"]
[BlackElo "2005"]
[PlyCount "41"]
[EventDate "2010.07.10"]
[EventType "swiss"]
[EventRounds "6"]
[EventCountry "BUL"]
[SourceTitle "CBM 137 Extra"]
[Source "ChessBase"]
[SourceDate "2010.09.01"]
[SourceVersion "1"]
[SourceVersionDate "2010.09.01"]
[SourceQuality "1"]

1. e4 b6 2. d4 Bb7 3. Nc3 e6 4. Nf3 h6 5. Bd3 Be7 6. 0-0 d6 7. Re1 Nd7 8. b3 g5 9. Bb2 g4 10. Nd2 h5 11. Ne2 Bg5 12. d5 e5 13. Ng3 Bf4 14. Nf5 Qf6 15. Nf1 Ne7 16. N1e3 Ng6 17. a4 Bxe3 18. fxe3 Qg5 19. Ng7+ Kf8 20. Nf5 Nh4 21. Rf1 1-0

[Event "Sofia MGU op 10th"]
[Site "Sofia"]
[Date "2010.07.11"]
[Round "4"]
[White "Krustev, Goran"]
[Black "Haug, Johannes"]
[Result "1-0"]
[WhiteElo "2005"]
[BlackElo "1640"]
[PlyCount "57"]
[EventDate "2010.07.10"]
[EventType "swiss"]
[EventRounds "6"]
[EventCountry "BUL"]
[SourceTitle "CBM 137 Extra"]
[Source "ChessBase"]
[SourceDate "2010.09.01"]
[SourceVersion "1"]
[SourceVersionDate "2010.09.01"]
[SourceQuality "1"]

1. e4 e6 2. d4 d5 3. e5 c5 4. b4 cxd4 5. a3 f6 6. Bd3 g6 7. f4 Bg7 8. Nf3 Ne7 9. h4 a6 10. h5 fxe5 11. fxe5 Nbc6 12. Qe2 Qc7 13. Bf4 g5 14. h6 Bxh6 15. Rxh6 gxf4 16. Nbd2 Bd7 17. Nb3 Ng8 18. Rxh7 Rxh7 19. Bxh7 Nge7 20. 0-0-0 0-0-0 21. Nc5 a5 22. Nxd7 Qxd7 23. b5 Na7 24. Nxd4 Rh8 25. Bd3 b6 26. Qg4 Rh6 27. Qxf4 Rh8 28. Qg4 Rg8 29. Qh3 1-0

[Event "Sofia MGU op 08th"]
[Site "Sofia"]
[Date "2010.06.06"]
[Round "6"]
[White "Krustev, Goran"]
[Black "Galunova, Tsveta"]
[Result "1-0"]
[WhiteElo "2005"]
[BlackElo "1969"]
[PlyCount "38"]
[EventDate "2010.06.05"]
[EventType "swiss"]
[EventRounds "6"]
[EventCountry "BUL"]
[SourceTitle "CBM 136 Extra"]
[Source "ChessBase"]
[SourceDate "2010.07.02"]
[SourceVersion "2"]
[SourceVersionDate "2010.07.15"]
[SourceQuality "1"]

1. e4 e5 2. d4 exd4 3. Nf3 Nc6 4. Bc4 Bc5 5. 0-0 Nf6 6. e5 d5 7. Bb5 Ne4 8. Nxd4 Bd7 9. Bxc6 bxc6 10. f3 Ng5 11. Kh1 0-0 12. Nb3 Bb6 13. Na3 Qe7 14. c4 dxc4 15. Nxc4 Rad8 16. Qc2 Ne6 17. f4 Nd4 18. Nxd4 Bxd4 19. Be3 c5 1-0

[Event "Sofia CSKA sf"]
[Site "Sofia"]
[Date "2010.03.14"]
[Round "6"]
[White "Krustev, Goran"]
[Black "Hristov, Krasimir Ivanov"]
[Result "1-0"]
[WhiteElo "1996"]
[BlackElo "1944"]
[PlyCount "51"]
[EventDate "2010.03.13"]
[EventType "swiss"]
[EventRounds "6"]
[EventCountry "BUL"]
[SourceTitle "CBM 135 Extra"]
[Source "ChessBase"]
[SourceDate "2010.05.04"]
[SourceVersion "1"]
[SourceVersionDate "2010.05.04"]
[SourceQuality "1"]

1. e4 c6 2. d4 d5 3. e5 Bf5 4. g4 Be4 5. f3 Bg6 6. h4 h5 7. e6 Qd6 8. exf7+ Bxf7 9. Ne2 e5 10. dxe5 Qxe5 11. Nbc3 Bd6 12. Bf4 Qe7 13. Bxd6 Qxd6 14. g5 Nd7 15. f4 Be6 16. Qd4 Ne7 17. Ne4 Qc7 18. Qxg7 dxe4 19. Qxh8+ Nf8 20. 0-0-0 Bg4 21. Qd4 Bf3 22. Rh2 Nd5 23. Bh3 Nxf4 24. Nxf4 Qxf4+ 25. Rdd2 Qg3 26. Bd7+ 1-0

[Event "Sofia CSKA sf"]
[Site "Sofia"]
[Date "2010.03.13"]
[Round "2"]
[White "Krustev, Goran"]
[Black "Orev, Petar"]
[Result "1/2-1/2"]
[WhiteElo "1996"]
[BlackElo "2243"]
[PlyCount "44"]
[EventDate "2010.03.13"]
[EventType "swiss"]
[EventRounds "6"]
[EventCountry "BUL"]
[SourceTitle "CBM 135 Extra"]
[Source "ChessBase"]
[SourceDate "2010.05.04"]
[SourceVersion "1"]
[SourceVersionDate "2010.05.04"]
[SourceQuality "1"]

1. d4 Nf6 2. Nf3 g6 3. Bf4 Bg7 4. e3 0-0 5. Bd3 c5 6. c3 d6 7. Nbd2 Nc6 8. Ne4 b6 9. h4 Bg4 10. Nxf6+ Bxf6 11. h5 g5 12. Bc2 c4 13. Bb1 e6 14. Qc2 Bf5 15. e4 gxf4 16. exf5 e5 17. d5 Ne7 18. Qe4 Rc8 19. Bc2 Rc5 20. Rd1 Qa8 21. g4 h6 22. g5 hxg5 1/2-1/2

[Event "Sofia CSKA op 15th"]
[Site "Sofia"]
[Date "2009.08.23"]
[Round "5"]
[White "Orev, Petar"]
[Black "Krustev, Goran"]
[Result "1-0"]
[WhiteElo "2235"]
[BlackElo "2055"]
[PlyCount "69"]
[EventDate "2009.08.22"]
[EventType "swiss"]
[EventRounds "6"]
[EventCountry "BUL"]
[SourceTitle "CBM 131 Extra"]
[Source "ChessBase"]
[SourceDate "2009.09.03"]
[SourceVersion "2"]
[SourceVersionDate "2009.09.16"]
[SourceQuality "1"]

1. e4 c5 2. c4 g6 3. Ne2 Nc6 4. d4 cxd4 5. Nxd4 Bg7 6. Be3 d6 7. Nc3 Nf6 8. Be2 Nxd4 9. Bxd4 e5 10. Be3 0-0 11. 0-0 Be6 12. f3 Qd7 13. Nb5 Ne8 14. Bxa7 Qc6 15. Be3 Bxc4 16. Bxc4 Qxc4 17. a4 f5 18. b3 Qe6 19. Qd3 f4 20. Bb6 g5 21. Rfd1 Rf6 22. a5 Rg6 23. Qd5 Qxd5 24. Rxd5 Rc8 25. Rdd1 g4 26. fxg4 Rxg4 27. Rac1 Rxc1 28. Rxc1 f3 29. g3 Rxe4 30. Rc8 Rb4 31. Rxe8+ Kf7 32. Nxd6+ Kg6 33. Nxb7 e4 34. Nd6 Rxb3 35. Nxe4 1-0